000 00624cam a22002053a 4500
001 35131
003 PGUSA
005 20140828083746.0
008 110131s2011||||xxu|||||s|||||000 | eng d
040 _aPGUSA
_beng
042 _adc
100 1 _aSilva, Antonio Artur Baldaque da
245 1 0 _aO descobrimento do Brasil por Pedro Alvares Cabral
_h[electronic resource] /
_cAntonio Artur Baldaque da Silva
260 _bProject Gutenberg,
_c2011
506 _aPublic domain in the USA.
516 _aElectronic text
830 0 _aProject Gutenberg
_v35131
856 4 0 _uhttp://www.gutenberg.org/ebooks/35131
942 _cEB
999 _c264386
_d264386